000 00739nam a2200205 a 4500
001 20401
003 CO-ViMGA
008 141112s2004 ck r 000 u spa d
020 _a9589719643
040 _aCO-ViMGA
_bspa
_cCO-ViMGA
082 0 4 _a323.4 O741c
110 _aOrganización de las naciones unidas. Alto comisionado para los derechos humanos
_929453
245 1 0 _aCompilación de normas nacionales de derechos humanos
260 _aBogotá :
_bOrganización de las naciones unidas,
_c2003
300 _a710p
590 _aForma de adquisición : Donación - - Precio : 15000 - - Fecha de adquisición : Marzo 2006
650 1 4 _aDERECHOS HUMANOS - COLOMBIA
650 1 4 _aVIOLENCIA FAMILIAR - COLOMBIA
_929454
942 _2ddc
_cBK
999 _c29402
_d29402